000 01390camaa2200433Mu 4500
001 93436
005 20230410132922.0
008 030317s19779999sp 000 0 spa d
035 _a(OCoLC)ocn434447136
040 _aBNM
_erdc
_bspa
_cBNM
016 7 _abimoBNE20030115670
_2SpMaBN
017 _aM 26596-2002
020 _a8424935209
020 _a9788424935207
035 _a(OCoLC)434447136
041 0 _aspa
_hgrc
050 1 4 _aB 171
_bB582 1977
049 _aGRAL
100 0 _aCaritón.
130 1 _aBiblioteca Clásica Gredos.
245 1 0 _aQuéreas y Calírroe /
_cCaritón de Afrodisias. Efesíacas / Jenofonte de éfeso. Fragmentos novelescos / introducciones de Carlos García Gual y Julia Mendoza ; traducción y notas de Julia Mendoza.
250 _a1a. ed., 1a. reimp.
260 _aMadrid :
_bGredos,
_c1977
300 _a423 p.
_c20 cm.
440 0 _aBiblioteca clásica Gredos ;
_vn.16
650 0 _aPhilosophy, Classical.
650 0 _aPhilosophy, Ancient.
650 0 _aPhilosophers, Ancient
_xBiography
700 0 2 _aJenofonte de éfeso
_tEfesíacas.
700 1 _aGarcía Gual, Carlos
_d1943-
700 1 _aMendoza, Julia.
730 0 2 _aFragmentos novelescos.
740 0 2 _aEfesíacas.
740 0 2 _aFragmentos novelescos.
830 0 _aBiblioteca clásica Gredos ;
_v16.
942 _2lcc
_cbk
946 _amjcruz
994 _aC0
_bDRFGD
999 _c90174
_d90174